Schinkel und der Leuchtturm auf dem Kap Arkona

Titel: Schinkel und der Leuchtturm auf dem Kap Arkona
Verfasser:
In: Stiftung Preußischer Kulturbesitz: Jahrbuch Preußischer Kulturbesitz ..., Band 32 (1995), Seite 297-319
alle Artikel anzeigen
Veröffentlicht: 1995
Format: Aufsatz
Sprache: Deutsch
Kein Bild verfügbar
X
alg: 39229752
001A    $01999:11-11-16 
001B    $01999:17-05-21 $t20:30:22.000 
001C    $06050:19-11-16 $t08:33:05.000 
001D    $01999:11-11-16 
001U    $0utf8 
001X    $00 
002@    $0Aox 
003@    $0392297523 
007A    $0392297523 $aHEB 
007T    $0Herd00001 
010@    $ager 
011@    $a1995 
021A    $aSchinkel und der Leuchtturm auf dem Kap Arkona 
028A    $aStrecke $dReinhart 
031A    $d32 $h297-319 $j1995 
039B    $aIn $8--Abvc--Stiftung Preußischer Kulturbesitz [Tb1]. Jahrbuch Preußischer Kulturbesitz .... - Berlin : Mann, 1963-[2016]. - ISSN 0342-0124 $x199500000320000703 $9046848940 
045F    $a307.0943816 $eDDC23BSB 
045F/01 $a307.09 
045F/03 $g43816 
045T    $a24 

lok: 39229752 78

exp: 39229752 78 1 #EPN
201B/01 $027-02-18 $t22:50:48.000 
201U/01 $0utf8 
203@/01 $0788394088 
208@/01 $a11-11-16 $be 
209A/01 $a/ $f000 $x00 
220C/01 $aTitelaufnehmer: rk 
220C/01 $aHerkunft: HI Marburg 
244Z/01 $2Trx $#Pomeranija $#Pommern $#Pomoransko $#Pomořansko $#Hinterpommern;Vorpommern;Mittelpommern $#Pomorze Środkowe;Pomorze Przednie $#Pomořansko;Západní Pomořany; Pomořany $8--Trx--Pomorze Zachodnie $x01 $9391303775 
244Z/01 $2Trx $#Kap Arkona $8--Trx--Arkona$gRügen $x02 $9391147277 
244Z/01 $#Schinkel, K. F. $#Schinkel, C. F. $#Schinkel, Friedrich $#Schinkel, Carl F. $#Schinkel, Carl Friedrich $#Schinkel, Karl F. $#Schinkel, ... $#Schinkel, Karl F. $7118607782 $8--Tp1--Schinkel, Karl Friedrich$Z1781-1841 $x03 $9086948768 
244Z/01 $2Trx $#tuletornid $#švyturiai $#lighthouses $#világítótornyok $#latarnie morskie $#majáky $#majáky $8--Trx--Leuchttürme $x04 $9391359142 
244Z/01 $2Trx $8--Trx--Zeitschriftenaufsatz $x05 $9391384341 
245Z/01 $a13.03 $x01 
245Z/01 $a11.10 $x02 
247C/01 $82080>Marburg/Lahn, Herder-Institut, Forschungsbibliothek, Bibliographieportal $9336309341
LEADER 00000caa a22000002c 4500
001 392297523
003 DE-603
005 20210517203022.0
007 tu
008 161111s1995 xx |||| | u00||u|ger c
035 |a (DE-599)HEB392297523 
040 |a DE-603  |b ger  |c DE-603  |d DE-603 
041 |a ger 
082 0 4 |8 1\u  |a 307.0943816  |q DE-101  |2 23/BSB 
084 |a 24  |2 ssgn 
085 |8 1\u  |b 307.09 
085 |8 1\u  |z 2  |s 43816 
100 1 |a Strecke, Reinhart 
245 0 0 |a Schinkel und der Leuchtturm auf dem Kap Arkona 
264 0 |c 1995 
773 0 8 |i In  |a Stiftung Preußischer Kulturbesitz  |t Jahrbuch Preußischer Kulturbesitz ...  |d Berlin : Mann, 1963-[2016]  |h 24 cm  |x 0342-0124  |g Band 32 (1995), Seite 297-319  |w (DE-603)046848940  |w (DE-600)3758-8 
924 0 |9 2080  |a (DE-603)788394088  |b DE-2080  |c HES  |d d  |g /